000 00773cam a22002892a 4500
999 _c24484
_d24484
001 018754
003 AR-FADEU
005 20230802103236.0
008 311216n1952####xxu####################dd
020 _a0-85229-163-9
040 _cBiblioteca Ernesto Sábato
092 _a031
_bG786
_eEYDI
100 _aSaint, Augustine
245 _aThe confessions
245 _aThe city of god
245 _aOn Christian doctrine
260 _aChicago
260 _bEncyclopedia Britannica, Inc.
260 _c1952
300 _a698 p
440 _aGreat books of the western world
_n18
500 _aIncludes bibliography
546 _aInglés
650 _aFILOSOFIA-SIGLO IV/EE//REVISADO/
700 _aRobert Maynard, Hutchins, ed.
942 _cEYDI
_2ddc